|
|
|
|
| LEADER |
00000nam a2200000Ii 4500 |
| 001 |
DIGUAOCCTE0103 |
| 003 |
NyNyDIG |
| 006 |
m o d |
| 007 |
cr ||||||||||| |
| 008 |
240915s2022 ck a ob 000 0 spa d |
| 035 |
|
|
|a (OCoLC)1434148367
|
| 040 |
|
|
|a DGITA
|b eng
|e rda
|e pn
|c DGITA
|
| 050 |
1 |
4 |
|a LB1028.5 ebook
|
| 245 |
0 |
0 |
|a Matices de la magistralidad en la docencia universitaria virtual :
|b experiencias pedagógicas durante la pandemia /
|c Fabio de Jesús Jurado Valencia, Claudia Alexandra Roldán Morales, Sonia Cadena Castillo, editores académicos.
|
| 250 |
|
|
|a Primera edición.
|
| 264 |
|
1 |
|a Cali, Valle del Cauca, Colombia :
|b Universidad Autónoma de Occidente,
|c [2022]
|
| 300 |
|
|
|a 1 online resource :
|b illustrations.
|
| 336 |
|
|
|a text
|b txt
|2 rdacontent
|
| 337 |
|
|
|a computer
|b c
|2 rdamedia
|
| 338 |
|
|
|a online resource
|b cr
|2 rdacarrier
|
| 347 |
|
|
|a text file
|2 rdaft
|
| 347 |
|
|
|b PDF
|
| 490 |
1 |
|
|a Colección experiencias,
|x 2422-4340 ;
|v 8
|
| 504 |
|
|
|a Includes bibliographical references.
|
| 588 |
0 |
|
|a Online resource; title from PDF title page (Digitalia, viewed September 15, 2024)
|
| 650 |
|
0 |
|a Education, Higher
|x Computer-assisted instruction.
|
| 650 |
|
0 |
|a COVID-19 (Disease)
|
| 700 |
1 |
|
|a Jurado Valencia, Fabio,
|e editor.
|
| 700 |
1 |
|
|a Roldán-Morales, Claudia Alexandra,
|e editor.
|
| 700 |
1 |
|
|a Cadena Castillo, Sonia,
|e editor.
|
| 791 |
2 |
|
|a Digitalia (Firm),
|e distributor.
|
| 793 |
0 |
|
|g Digitalia eBook Collection:
|a Universidad Autónoma de Occidente
|
| 830 |
|
0 |
|a Colección experiencias (Universidad Autónoma de Occidente (Cali, Colombia)) ;
|v 8.
|
| 856 |
4 |
0 |
|3 Digitalia Hispánica
|u https://www.digitaliapublishing.com/a/135781/
|
| 910 |
|
|
|a Premium collection: 2024
|